000 00549nam a2200169 i 4500
001 69507
003 ES-MaACL
005 20230906170533.0
007 t|
008 040706s1958 sp ||||1| spa d
100 1 _aGarcía Chico, Esteban.
_954369
245 1 0 _aValladolid
_b: papeletas de historia y arte /
_cEsteban García Chico.
260 _aValladolid :
_bAyuntamiento de Valladolid,
_c1958 (
_fAndrés Martín)
300 _a133 p., 80 lám. ;
_c24 cm.
710 1 _aValladolid.
_bAyuntamiento.
_97541
852 _aES-MaACL
_jC-14576
_bR.42325
999 _c69507
_d69507